| 000 | 00345nam a2200133Ia 4500 | ||
|---|---|---|---|
| 005 | 20251222144923.0 | ||
| 008 | 251222s9999||||xx |||||||||||||| ||spa|| | ||
| 020 | _a84-7827-365-4 | ||
| 082 | _a370.733/G86 | ||
| 100 | _aGuell Barceló, Manuel | ||
| 245 | 0 | _a¿Por qué he dicho Blanco si quería decir Negro?: | |
| 264 | _bGraó | ||
| 942 | _cLIB | ||
| 999 |
_c22800 _d22800 |
||